000 00926cam a22002411i 4500
003 SA-RiAUC
005 20250521093608.0
008 250514s1993 sy g 000 0 ara c
040 _aSA-JeALM
_bara
_cSA-RiAUC.
_erda
082 0 4 _a247.5
_qSA-RiAUC
090 _a247.5
_b ع ا ب
100 1 _aعابدين، محمد أبو اليسر،
_d1889-1981
_eمؤلف.
245 1 0 _aتنبيه القلوب النائمة على الأوراد الدائمة /
_cتأليف محمد أبي اليسر عابدين.
250 _aالطبعة الأولى.
264 1 _aدمشق :
_bمكتبة الغزالي،
_c1994
300 _aصفحة ؛
_c24 سم
336 _aنص
_btxt
_2rdacontent
_3كتاب
337 _aبدون وسيط
_bn
_2rdamedia
338 _aمجلد
_bnc
_2rdacarrier
650 7 _aالأدعية والأوراد (شيعة)
_2aucsh
942 _2ddc
_cBOOK
_n0
949 _aSA-JeALM
_d250514
_umohamedma123
_n1
999 _c8220
_d8220